[Event "65th ch-GEO"]
[Site "Tbilisi GEO"]
[Date "2006.01.22"]
[Round "1"]
[White "Sanikidze,T"]
[Black "Kacheishvili,G"]
[Result "0-1"]
[WhiteElo "2425"]
[BlackElo "2599"]
[EventDate "2006.01.22"]

1. d4 Nf6 2. c4 e6 3. Nc3 Bb4 4. Qc2 O-O 5. a3 Bxc3+ 6. Qxc3 d6 7. Bg5 Nbd7
8. f3 c5 9. e4 b6 10. Nh3 h6 11. Bh4 Ba6 12. Nf2 Rc8 13. dxc5 Rxc5 14. Qd4
Qb8 15. b4 Rcc8 16. Rd1 d5 17. cxd5 Bxf1 18. Kxf1 Rc2 19. g4 Rfc8 20. Kg2
R8c4 21. Qe3 exd5 22. exd5 R4c3 23. Qd4 Rc4 24. Qe3 Qb7 25. Bxf6 Nxf6 26.
Qe5 Ra2 27. Rd3 Rcc2 28. Rf1 Re2 29. Qd4 Qd7 30. d6 Rac2 31. a4 h5 32. h3
h4 33. Kg1 Nh7 34. f4 Nf6 35. b5 Ra2 36. Rf3 Ne4 37. Qxe4 Rxe4 38. Nxe4 Re2
39. Nc3 Re6 40. Kg2 Rxd6 41. R1f2 f5 42. g5 Kf7 43. Re2 Rd2 44. Kf1 Rxe2
45. Kxe2 Qd4 46. Ke1 Ke6 47. Ke2 Qc4+ 48. Kd2 Kd6 49. Rd3+ Kc5 50. Ke3 Qe6+
51. Kd2 Qf7 52. Ke2 Qb7 53. Kd2 Qg2+ 54. Ne2 Kb4 55. Rd4+ Kb3 56. Rd7 Kxa4
57. Rxa7+ Kxb5 58. Rxg7 Qxh3 59. Rf7 Kb4 60. Rh7 b5 61. g6 Qg4 62. g7 Qg6
63. Rxh4 Qxg7 64. Rh3 Qb2+ 65. Kd1 Kc4 66. Rh7 b4 67. Rc7+ Kd3 68. Nc1+ Ke3
69. Re7+ Kf3 70. Rd7 Qh2 71. Rd2 Qxf4 72. Nb3 Qc4 73. Nd4+ Ke4 74. Ne2 f4
75. Rd8 f3 76. Re8+ Kf5 77. Nc1 Qd4+ 78. Kc2 f2 79. Rf8+ Kg4 0-1

[Event "65th ch-GEO"]
[Site "Tbilisi GEO"]
[Date "2006.01.22"]
[Round "1"]
[White "Sulashvili,M"]
[Black "Kuparadze,G"]
[Result "1/2-1/2"]
[WhiteElo "2376"]
[BlackElo "2381"]
[EventDate "2006.01.22"]

1. e4 c5 2. Nf3 Nc6 3. Bb5 g6 4. Bxc6 dxc6 5. d3 Bg7 6. Nc3 e5 7. h3 Qe7 8.
Be3 f5 9. exf5 gxf5 10. Bg5 Qd6 11. Qe2 Ne7 12. O-O-O O-O 13. Rde1 Ng6 14.
h4 c4 15. h5 cxd3 16. Qxd3 Qxd3 17. cxd3 Nf4 18. Bxf4 exf4 19. Kc2 a5 20.
Na4 b5 21. Nc5 a4 22. Re7 b4 23. Kb1 a3 24. d4 axb2 25. Rhe1 Ra3 26. Ne5
Rc3 27. Nxc6 Bxd4 28. Nxd4 Rxc5 29. Kxb2 Rd5 30. Nf3 Rd6 31. Rc1 Re6 32.
Rcc7 Rxe7 33. Rxe7 Rf7 34. Re8+ Rf8 35. Rxf8+ Kxf8 36. Nd4 Kg7 37. Kb3 Kh6
38. Kxb4 Kxh5 39. a4 Kg4 40. a5 h5 41. Kb5 Bb7 42. a6 Ba8 43. Nf3 h4 44.
Ne5+ Kg5 45. f3 Kf6 46. Nd7+ Ke7 47. Nb6 h3 48. gxh3 Bxf3 49. Kc5 Kf6 50.
Kd6 Be4 51. a7 f3 52. Nd5+ Bxd5 1/2-1/2

[Event "65th ch-GEO"]
[Site "Tbilisi GEO"]
[Date "2006.01.22"]
[Round "1"]
[White "Shanava,K"]
[Black "Morchiashvili,B"]
[Result "1-0"]
[WhiteElo "2490"]
[BlackElo "2370"]
[EventDate "2006.01.22"]

1. e4 c6 2. d4 d5 3. e5 Bf5 4. Be3 e6 5. Nd2 Qb6 6. Nb3 Nd7 7. Be2 a5 8. a4
Bb4+ 9. c3 Be7 10. Nf3 h5 11. Nfd2 h4 12. c4 Nh6 13. O-O g5 14. Rc1 Bg6 15.
Kh1 Nf5 16. Bg4 f6 17. cxd5 exd5 18. Qf3 Nxe3 19. fxe3 fxe5 20. Bxd7+ Kxd7
21. Qg4+ Kd8 22. Nc5 Be8 23. Rf7 Bxc5 24. dxc5 Qxb2 25. Rcf1 h3 26. gxh3
Qxd2 27. Qxg5+ Kc8 28. Qxe5 Bxf7 29. Qxh8+ 1-0

[Event "65th ch-GEO"]
[Site "Tbilisi GEO"]
[Date "2006.01.22"]
[Round "1"]
[White "Jobava,Be"]
[Black "Gelashvili,T"]
[Result "0-1"]
[WhiteElo "2401"]
[BlackElo "2575"]
[EventDate "2006.01.22"]

1. d4 d5 2. c4 e6 3. Nc3 c6 4. cxd5 exd5 5. Bf4 Bd6 6. Bg3 Nf6 7. e3 Bf5 8.
Bd3 Bxd3 9. Qxd3 O-O 10. Nge2 Qe7 11. O-O Nbd7 12. Rab1 a5 13. f3 Rfe8 14.
Bf2 b5 15. Ng3 g6 16. Rbe1 b4 17. Na4 c5 18. dxc5 Nxc5 19. Nxc5 Bxc5 20.
Re2 Qe6 21. Rd1 Rac8 22. Qb5 Qb6 23. Qxb6 Bxb6 24. e4 Bxf2+ 25. Kxf2 dxe4
26. Nxe4 Nxe4+ 27. fxe4 Rc4 28. Kf3 Re5 29. Kf4 Rec5 30. Ke3 Kf8 31. Red2
b3 32. axb3 Rb4 33. Rd5 Rc2 34. g4 Rxh2 35. Rxa5 Rxb3+ 36. Kf4 Rf2+ 37. Ke5
Rg3 38. b4 Rxg4 39. Ra8+ Kg7 40. Rb8 Re2 41. Rd4 f5 42. Rd7+ Kh6 43. Kf6
Rgxe4 0-1

[Event "65th ch-GEO"]
[Site "Tbilisi GEO"]
[Date "2006.01.22"]
[Round "1"]
[White "Arutinian,D"]
[Black "Gagunashvili,M"]
[Result "1/2-1/2"]
[WhiteElo "2507"]
[BlackElo "2542"]
[EventDate "2006.01.22"]

1. d4 d5 2. c4 c6 3. Nc3 Nf6 4. e3 e6 5. Nf3 Nbd7 6. Bd3 dxc4 7. Bxc4 b5 8.
Bd3 Bb7 9. a3 b4 10. Ne4 Nxe4 11. Bxe4 Rb8 12. O-O bxa3 13. b3 c5 14. Bxb7
Rxb7 15. d5 Qb6 16. Rxa3 exd5 17. Qxd5 Be7 18. Nd2 1/2-1/2

[Event "65th ch-GEO"]
[Site "Tbilisi GEO"]
[Date "2006.01.23"]
[Round "2"]
[White "Sanikidze,T"]
[Black "Paichadze,L"]
[Result "1/2-1/2"]
[WhiteElo "2425"]
[BlackElo "2171"]
[EventDate "2006.01.22"]

1. d4 Nf6 2. c4 d6 3. Nc3 Nbd7 4. e4 e5 5. d5 Be7 6. g3 O-O 7. Bg2 Ne8 8.
Nge2 Bg5 9. O-O Bxc1 10. Rxc1 g6 11. b4 Ng7 12. Qd2 b6 13. Nd1 f5 14. exf5
Nxf5 15. Ndc3 Ng7 16. h3 Nf6 17. Kh2 a5 18. a3 axb4 19. axb4 Ba6 20. Ne4
Nxe4 21. Bxe4 Bc8 22. f4 Re8 23. Rce1 Bf5 24. Bxf5 gxf5 25. fxe5 dxe5 26.
Nc3 Qe7 27. Nb5 Ra4 28. d6 cxd6 29. Nxd6 Rd8 30. c5 bxc5 31. bxc5 Qe6 32.
Re2 Rf8 33. Qe3 e4 34. Qf4 Ra2 35. Rff2 Rxe2 36. Rxe2 Qd5 37. Qe3 Ne6 38.
Rd2 Qxc5 39. Qb3 Rf6 40. Qb8+ Nf8 41. Qb3+ Re6 42. Nb7 Qb6 43. Qd5 Qc6 44.
Nc5 Qxd5 45. Rxd5 Rf6 46. g4 fxg4 47. Nxe4 Rf4 48. Rg5+ 1/2-1/2

[Event "65th ch-GEO"]
[Site "Tbilisi GEO"]
[Date "2006.01.23"]
[Round "2"]
[White "Kuparadze,G"]
[Black "Shanava,K"]
[Result "0-1"]
[WhiteElo "2381"]
[BlackElo "2490"]
[EventDate "2006.01.22"]

1. e4 c5 2. Nf3 Nf6 3. Nc3 d6 4. d4 cxd4 5. Nxd4 a6 6. Be2 Nbd7 7. O-O Nc5
8. Bf3 e6 9. a4 Be7 10. Re1 O-O 11. Qe2 Qc7 12. a5 Rb8 13. Be3 e5 14. Nb3
Nxb3 15. cxb3 Be6 16. Bb6 Qd7 17. b4 Rbc8 18. Qd2 Rc4 19. Bd1 Bd8 20. Ba4
Qe7 21. Ba7 Rxb4 22. Nd5 Nxd5 23. exd5 Bxa5 24. Bc2 b6 25. Bxb6 Rxb6 26.
Rxa5 Bc8 27. Bd3 Qb7 28. Re2 f5 29. f4 e4 30. Bb1 Rb4 31. Ra3 Qb6+ 32. Kh1
Bb7 33. Qd1 Rc8 34. b3 Rd4 35. Qg1 Rxd5 0-1

[Event "65th ch-GEO"]
[Site "Tbilisi GEO"]
[Date "2006.01.23"]
[Round "2"]
[White "Morchiashvili,B"]
[Black "Jobava,Be"]
[Result "0-1"]
[WhiteElo "2370"]
[BlackElo "2401"]
[EventDate "2006.01.22"]

1. d4 Nf6 2. c4 g6 3. Nc3 Bg7 4. e4 d6 5. Nf3 O-O 6. Be2 e5 7. O-O Na6 8.
d5 Nc5 9. Qc2 a5 10. Bg5 h6 11. Be3 Nfd7 12. Nd2 f5 13. exf5 gxf5 14. f4 e4
15. Kh1 Nf6 16. Nb3 b6 17. Rad1 h5 18. Bd4 a4 19. Nc1 Ng4 20. Bxg4 hxg4 21.
Bxg7 Kxg7 22. b4 axb3 23. axb3 Rh8 24. g3 Qf6 25. b4 Ra3 26. Nb5 Rxg3 27.
bxc5 Rgh3 28. Rd2 Kf8 29. Rg1 g3 30. Rgg2 Qh4 31. Qc3 Rh6 32. Qe3 bxc5 33.
Rde2 Qg4 34. Qd2 Qf3 35. Kg1 e3 36. Qe1 Rxh2 37. Rxh2 gxh2+ 0-1

[Event "65th ch-GEO"]
[Site "Tbilisi GEO"]
[Date "2006.01.23"]
[Round "2"]
[White "Gelashvili,T"]
[Black "Margvelashvili,G"]
[Result "1/2-1/2"]
[WhiteElo "2575"]
[BlackElo "2434"]
[EventDate "2006.01.22"]

1. b3 d5 2. e3 c5 3. Bb2 a6 4. Nf3 Nc6 5. d4 cxd4 6. Nxd4 Nf6 7. Be2 e6 8.
O-O Bd7 9. c4 dxc4 10. Bxc4 Nxd4 11. Qxd4 Bc6 12. Nd2 Qxd4 13. Bxd4 Bd6 14.
Be2 O-O 15. Nc4 Bc7 16. Rac1 Rfd8 17. Rfd1 Rac8 18. Bb6 Rxd1+ 19. Rxd1 Bd5
20. Bf3 Kf8 21. Bd4 Bxf3 22. gxf3 Ke7 23. a4 Nd7 24. Bb2 f6 25. Ba3+ Ke8
26. f4 Nb8 27. Kf1 b5 28. Nd6+ Bxd6 29. Rxd6 Rc6 30. axb5 axb5 31. f5 exf5
32. Rd5 b4 33. Bxb4 Rb6 34. Bd6 Rxb3 35. Rxf5 Rb6 36. Bg3 Nd7 37. Ra5 Rb7
38. Ke2 Kf7 39. Kd3 Nf8 40. e4 Ne6 41. h4 Rb3+ 42. Kc4 Rb7 43. Kd5 Rd7+ 44.
Kc6 Rd4 45. Ra7+ Kg6 46. e5 h5 1/2-1/2

[Event "65th ch-GEO"]
[Site "Tbilisi GEO"]
[Date "2006.01.23"]
[Round "2"]
[White "Kacheishvili,G"]
[Black "Gagunashvili,M"]
[Result "1-0"]
[WhiteElo "2599"]
[BlackElo "2542"]
[EventDate "2006.01.22"]

1. d4 d5 2. c4 c6 3. cxd5 cxd5 4. Nc3 Nc6 5. e4 Nf6 6. exd5 Nxd5 7. Nf3 Bg4
8. Qb3 Bxf3 9. gxf3 e6 10. Qxb7 Nxd4 11. Bb5+ Nxb5 12. Qc6+ Ke7 13. Qxb5
Nxc3 14. bxc3 f6 15. Ba3+ Kf7 16. Rd1 Bxa3 17. Rxd8 Rhxd8 18. Qb7+ Be7 19.
O-O Rdb8 20. Qc6 Rc8 21. Qa6 Rxc3 22. Re1 e5 23. f4 Rc7 24. fxe5 fxe5 25.
Rxe5 Kg8 26. Qe6+ Kh8 27. Qf7 Rc1+ 28. Kg2 Bf8 29. Re8 Rxe8 30. Qxe8 Kg8
31. Qe6+ Kh8 32. Qf7 Rc8 33. Qxa7 Bc5 34. Qa5 h6 35. a4 Bd4 36. Qd5 Bc3 37.
a5 Bxa5 38. Qxa5 Rf8 39. Qe5 Rf6 40. h4 Kh7 41. h5 Rb6 42. Kg3 Kh8 43. Kg4
Kh7 44. f4 Kh8 45. Qc7 Rf6 46. Qd8+ Kh7 47. Qxf6 gxf6 48. Kf5 Kg7 49. Ke6
f5 50. Ke7 Kg8 51. Kf6 Kf8 52. Kg6 Ke7 53. Kxh6 Kf6 54. Kh7 Kf7 55. h6 1-0

[Event "65th ch-GEO"]
[Site "Tbilisi GEO"]
[Date "2006.01.24"]
[Round "3"]
[White "Sulashvili,M"]
[Black "Sanikidze,T"]
[Result "1/2-1/2"]
[WhiteElo "2376"]
[BlackElo "2425"]
[EventDate "2006.01.22"]

1. Nf3 Nf6 2. c4 g6 3. d4 Bg7 4. Nc3 d5 5. Bg5 Ne4 6. cxd5 Nxg5 7. Nxg5 e6
8. Nf3 exd5 9. e3 O-O 10. Be2 c6 11. b4 Qd6 12. Qb3 Be6 13. O-O Nd7 14.
Rac1 Rac8 15. Na4 b6 16. Nb2 c5 17. bxc5 bxc5 18. dxc5 Nxc5 19. Qa3 Ne4 20.
Qxd6 Nxd6 21. Nd3 d4 22. Nxd4 Bxd4 23. exd4 Bxa2 1/2-1/2

[Event "65th ch-GEO"]
[Site "Tbilisi GEO"]
[Date "2006.01.24"]
[Round "3"]
[White "Paichadze,L"]
[Black "Kacheishvili,G"]
[Result "0-1"]
[WhiteElo "2171"]
[BlackElo "2599"]
[EventDate "2006.01.22"]

1. e4 c5 2. b3 d6 3. Bb2 Nf6 4. Bb5+ Nbd7 5. d3 g6 6. Bxd7+ Bxd7 7. Nc3 Bc6
8. Nge2 Bg7 9. Nd5 Bxd5 10. exd5 Qa5+ 11. Qd2 Qxd2+ 12. Kxd2 O-O 13. c4
Ne4+ 14. dxe4 Bxb2 15. Rab1 Bg7 16. f3 a6 17. Kc2 b5 18. a3 f5 19. exf5
Rxf5 20. Ng3 Rg5 21. Rhf1 Bd4 22. f4 Rg4 23. Rf3 g5 24. fxg5 Rxg5 25. Kd3
Rf8 26. Rbf1 Rxf3+ 27. gxf3 Re5 28. Ne4 bxc4+ 29. bxc4 Rh5 30. Rh1 h6 31.
Ng3 Re5 32. Ne4 Kf8 33. a4 a5 34. h3 Rf5 35. Rf1 Rh5 36. Rh1 Ke8 37. Ke2
Rh4 38. Kf1 Rf4 39. Kg2 Rf7 40. Rb1 Rg7+ 41. Kh1 Kf7 42. Kh2 Kg6 43. Rb7
Be5+ 44. Kg2 Kf5+ 45. Kf2 Kf4 46. Rb8 Bd4+ 47. Ke2 Rg2+ 48. Kd3 Kf5 49. Re8
Bf6 50. Nxf6 Kxf6 51. Rh8 Kg7 52. Re8 Kf7 53. Rh8 Rg3 54. Rh7+ Kf8 55. Rxh6
Rxf3+ 56. Kc2 Ra3 57. Rh8+ Kg7 58. Ra8 Rxa4 59. Kb3 Rb4+ 60. Kc3 a4 61. h4
Kf6 62. Ra7 Rb3+ 63. Kc2 Rh3 64. Rxa4 Rxh4 65. Kd3 Ke5 66. Ra7 Rh3+ 0-1

[Event "65th ch-GEO"]
[Site "Tbilisi GEO"]
[Date "2006.01.24"]
[Round "3"]
[White "Jobava,Be"]
[Black "Kuparadze,G"]
[Result "0-1"]
[WhiteElo "2401"]
[BlackElo "2381"]
[EventDate "2006.01.22"]

1. e4 c5 2. Nf3 Nc6 3. d4 cxd4 4. Nxd4 Qc7 5. Nc3 e6 6. Be2 a6 7. O-O Nf6
8. Kh1 Be7 9. f4 d6 10. Be3 O-O 11. Qe1 Bd7 12. Qg3 b5 13. a3 Nxd4 14. Bxd4
Bc6 15. Bd3 e5 16. fxe5 Nh5 17. Qh3 dxe5 18. Qxh5 exd4 19. Nd5 Bxd5 20.
Qxd5 Rad8 21. Qh5 Rd6 22. e5 Rh6 23. Qe2 Re8 24. Rae1 Bh4 25. Ra1 Rxe5 26.
Qg4 Bd8 27. h3 Rh4 28. Qf3 Re3 29. Rae1 Rxe1 30. Rxe1 Kf8 31. Qd5 g6 32.
Qe5 Qxe5 33. Rxe5 Bb6 34. Re1 Rh5 35. Kg1 Rc5 36. Kf2 Bd8 37. Kf3 Bg5 38.
Re2 Bc1 39. b4 Rc6 40. Re1 Rf6+ 41. Kg3 Bf4+ 42. Kh4 Kg7 43. Rf1 h5 44. g3
Be3 45. g4 Bf2+ 46. Kg5 h4 47. Be2 Be3+ 48. Kxh4 Rxf1 49. Bxf1 Bf2+ 50. Kg5
Bg3 0-1

[Event "65th ch-GEO"]
[Site "Tbilisi GEO"]
[Date "2006.01.24"]
[Round "3"]
[White "Margvelashvili,G"]
[Black "Morchiashvili,B"]
[Result "1-0"]
[WhiteElo "2434"]
[BlackElo "2370"]
[EventDate "2006.01.22"]

1. Nf3 Nf6 2. c4 e6 3. g3 a6 4. Bg2 b5 5. b3 c5 6. Nc3 Qb6 7. e3 Bb7 8. Qe2
Be7 9. cxb5 axb5 10. Qxb5 Qc7 11. Qe2 O-O 12. O-O Nc6 13. Bb2 Ba6 14. d3
Nb4 15. Rfd1 Rab8 16. Rac1 Qa5 17. a3 Nc6 18. Qc2 Rfc8 19. Ne4 Ne8 20. Ned2
Qb5 21. Bf1 Qb7 22. Ba1 Na5 23. Rb1 Qd5 24. Ne5 Qb7 25. Bc3 Nc6 26. Bg2 d5
27. Nxc6 Qxc6 28. e4 Nc7 29. exd5 exd5 30. Nf3 Qg6 31. Ne5 Qd6 32. Nf3 Bf6
33. Bxf6 Qxf6 34. a4 d4 35. Nd2 Qg6 36. Nc4 Ne6 37. Re1 h6 38. Re5 Rc7 39.
Rf1 Bb7 40. Bxb7 Rcxb7 41. Na5 Rb6 42. h4 Kh7 43. Re4 Qf5 44. Rb1 Nc7 45.
Nc4 Rg6 46. Ne5 Rf6 47. g4 Qe6 48. Qxc5 Nd5 49. Qxd4 Rb4 50. Nc4 Qc6 51. h5
Rf3 52. a5 Rh3 53. a6 f5 54. gxf5 Nf4 55. Qd6 Rxc4 56. Qxf4 Rc5 57. Qg4
Rc1+ 58. Kg2 Rxd3 59. Qg6+ Kh8 60. Qxc6 Rxc6 61. Re8+ 1-0

[Event "65th ch-GEO"]
[Site "Tbilisi GEO"]
[Date "2006.01.24"]
[Round "3"]
[White "Arutinian,D"]
[Black "Gelashvili,T"]
[Result "1/2-1/2"]
[WhiteElo "2507"]
[BlackElo "2575"]
[EventDate "2006.01.22"]

1. d4 Nf6 2. c4 e6 3. Nc3 Bb4 4. e3 c5 5. Nge2 cxd4 6. exd4 d5 7. a3 Be7 8.
cxd5 Nxd5 9. Nxd5 exd5 10. Nf4 Nc6 11. Bd3 O-O 12. O-O Bf6 13. Be3 g6 14.
Rc1 Qd6 15. Rc5 Be6 16. Nxe6 fxe6 17. Qg4 Rad8 18. Rfc1 Bg7 19. g3 1/2-1/2

[Event "65th ch-GEO"]
[Site "Tbilisi GEO"]
[Date "2006.01.25"]
[Round "4"]
[White "Sanikidze,T"]
[Black "Shanava,K"]
[Result "1/2-1/2"]
[WhiteElo "2425"]
[BlackElo "2490"]
[EventDate "2006.01.22"]

1. d4 Nf6 2. c4 e6 3. Nc3 Bb4 4. Qc2 c5 5. dxc5 Na6 6. a3 Bxc3+ 7. Qxc3
Nxc5 8. f3 d6 9. e4 O-O 10. Be3 b6 11. Nh3 Ba6 12. Be2 Rc8 13. Rc1 d5 14.
e5 Nfd7 15. b4 Nb7 16. Qd4 Bxc4 17. Bxc4 Rxc4 18. Rxc4 dxc4 19. Qe4 Qc7 20.
Ng5 f5 21. exf6 Nxf6 22. Qxe6+ Kh8 23. O-O Re8 24. Bf4 Rxe6 25. Bxc7 Re7
26. Bg3 Kg8 27. Rd1 Kf8 28. a4 h6 29. Ne4 Nxe4 30. fxe4 Rxe4 31. Rd7 Re7
32. Rd4 c3 33. Rc4 Kf7 34. Rxc3 Rd7 35. Rc8 a5 36. Rc6 axb4 37. Rxb6 Nc5
38. Rxb4 Rd1+ 39. Kf2 Ra1 40. Rc4 Ra2+ 41. Kf3 Ra3+ 42. Ke2 Ra2+ 43. Ke3
Nxa4 44. Kf3 Ra3+ 45. Kg4 Nc3 46. Rc7+ Kf6 47. Rc6+ Kf7 48. Rc7+ Kf6 49.
Rc6+ Kf7 50. Rc7+ Kf6 1/2-1/2

[Event "65th ch-GEO"]
[Site "Tbilisi GEO"]
[Date "2006.01.25"]
[Round "4"]
[White "Paichadze,L"]
[Black "Sulashvili,M"]
[Result "1/2-1/2"]
[WhiteElo "2171"]
[BlackElo "2376"]
[EventDate "2006.01.22"]

1. e4 c6 2. d4 d5 3. e5 Bf5 4. Nc3 Qb6 5. Nf3 e6 6. Be2 Nd7 7. O-O Qd8 8.
a4 Bb4 9. Bg5 f6 10. Bh4 Ne7 11. Bg3 fxe5 12. Nxe5 Nxe5 13. Bxe5 O-O 14.
Bd3 Ng6 15. Bxf5 Rxf5 16. Bg3 e5 17. dxe5 Bxc3 18. Qd3 Rxe5 19. Qxc3 Re8
20. Rae1 1/2-1/2

[Event "65th ch-GEO"]
[Site "Tbilisi GEO"]
[Date "2006.01.25"]
[Round "4"]
[White "Kuparadze,G"]
[Black "Margvelashvili,G"]
[Result "1/2-1/2"]
[WhiteElo "2381"]
[BlackElo "2434"]
[EventDate "2006.01.22"]

1. e4 c6 2. d4 d5 3. Nd2 dxe4 4. Nxe4 Bf5 5. Ng3 Bg6 6. h4 h6 7. Nf3 Nd7 8.
h5 Bh7 9. Bd3 Bxd3 10. Qxd3 e6 11. Bf4 Qa5+ 12. Bd2 Qc7 13. O-O-O Ngf6 14.
Ne4 O-O-O 15. g3 Nxe4 16. Qxe4 Nf6 17. Qe2 Bd6 18. c4 c5 19. Bc3 cxd4 20.
Nxd4 a6 21. Kb1 Rd7 22. Nb3 Qc6 23. Rh4 Rhd8 24. Rhd4 Bc7 25. Rxd7 Rxd7 26.
Rxd7 Qxd7 27. Qf3 Qe7 28. c5 Qd7 29. Bxf6 gxf6 30. Kc2 f5 31. g4 fxg4 32.
Qxg4 Kb8 33. Qg8+ Ka7 34. Qh7 Qb5 35. Qe4 Qf1 36. Qf3 Qc4+ 37. Kb1 f5 38.
Qe3 Bf4 39. Qf3 Bc7 40. Qe3 Bf4 41. Qf3 Qf1+ 42. Kc2 e5 43. Nd2 Qe1 44. Nc4
Qc1+ 45. Kb3 e4 46. Qe2 Bc7 1/2-1/2

[Event "65th ch-GEO"]
[Site "Tbilisi GEO"]
[Date "2006.01.25"]
[Round "4"]
[White "Morchiashvili,B"]
[Black "Arutinian,D"]
[Result "0-1"]
[WhiteElo "2370"]
[BlackElo "2507"]
[EventDate "2006.01.22"]

1. d4 Nf6 2. c4 e6 3. Nc3 Bb4 4. e3 O-O 5. Bd3 d5 6. cxd5 exd5 7. Nge2 c5
8. O-O Nc6 9. a3 cxd4 10. exd4 Bd6 11. Bf4 Bg4 12. f3 Bxf4 13. Nxf4 Be6 14.
Bb5 Qd6 15. Bxc6 Qxf4 16. Ba4 Rac8 17. Kh1 Rc4 18. Ne2 Qe3 19. Re1 Rfc8 20.
Bb3 R4c6 21. Nc3 Qf4 22. Kg1 h5 23. Re2 b5 24. Qd2 Qb8 25. Na2 Qb6 26. Nb4
R6c7 27. Qe3 Bf5 28. Qf4 Bg6 29. Rae1 Rd7 30. Re5 a5 31. Nxd5 Nxd5 32. Rxd5
Rxd5 33. Bxd5 Rd8 34. Qe5 Kh8 35. Rd1 b4 36. f4 bxa3 37. bxa3 f6 38. Qe6
Qb2 39. a4 Bc2 40. Qe2 Rxd5 41. Kh1 Qb3 42. Rc1 Bg6 43. Qe6 Rc5 0-1

[Event "65th ch-GEO"]
[Site "Tbilisi GEO"]
[Date "2006.01.26"]
[Round "5"]
[White "Jobava,Be"]
[Black "Sanikidze,T"]
[Result "1-0"]
[WhiteElo "2401"]
[BlackElo "2425"]
[EventDate "2006.01.22"]

1. e4 c5 2. Nf3 d6 3. d4 cxd4 4. Nxd4 Nf6 5. Nc3 a6 6. Be3 e5 7. Nf3 Be7 8.
Bc4 O-O 9. O-O Nbd7 10. Nh4 b5 11. Bb3 Nc5 12. Nf5 Ncxe4 13. Nh6+ gxh6 14.
Nxe4 Nxe4 15. Bd5 Bf5 16. Qf3 Qd7 17. Bxe4 Bxe4 18. Qxe4 Qe6 19. Rfd1 f5
20. Qd5 Qxd5 21. Rxd5 f4 22. Bb6 Rfc8 23. c3 Kf7 24. g3 Ke6 25. Rad1 Rc6
26. Ba5 Rg8 27. Bb4 h5 28. Kf1 fxg3 29. hxg3 Rg4 30. f4 Rxg3 31. fxe5 Rc8
32. exd6 Rf8+ 33. Ke2 Bg5 34. R1d4 Rg2+ 35. Ke1 Rg1+ 36. Ke2 Rg2+ 37. Ke1
Bh4+ 38. Rxh4 Kxd5 39. Rxh5+ Kc6 40. Rc5+ Kd7 41. Rc7+ Ke6 42. Re7+ Kf6 43.
Rxh7 Rxb2 44. d7 Rg8 45. Bc5 Kg6 46. Rh3 Kf5 47. Bb6 Rxa2 48. d8=Q Rxd8 49.
Bxd8 Ke4 50. Kd1 a5 51. Kc1 a4 52. Be7 Kd5 53. Rh4 Re2 54. Rd4+ Kc6 55. Bb4
Rg2 56. Rd6+ Kc7 57. Rf6 Kb7 58. Kb1 Re2 59. Ba5 Ka7 60. Rb6 Re5 61. Kb2
Rc5 62. Re6 Rc4 63. Ka3 Rg4 64. Bb6+ Kb7 65. Bd4 Kc7 66. Kb4 Rg2 67. Ra6
Rb2+ 68. Kc5 Kd7 69. c4 1-0

[Event "65th ch-GEO"]
[Site "Tbilisi GEO"]
[Date "2006.01.26"]
[Round "5"]
[White "Shanava,K"]
[Black "Paichadze,L"]
[Result "0-1"]
[WhiteElo "2490"]
[BlackElo "2171"]
[EventDate "2006.01.22"]

1. e4 c6 2. d4 d5 3. e5 Bf5 4. Be3 e6 5. Nd2 Qb6 6. Nb3 Nd7 7. Be2 a5 8. a4
Ne7 9. f4 Be4 10. Nf3 Nf5 11. Bf2 Bb4+ 12. c3 Be7 13. g4 Nh4 14. Bxh4 Bxh4+
15. Kf1 Be7 16. Ra2 f6 17. Nbd2 fxe5 18. Nxe4 dxe4 19. Nxe5 Nxe5 20. fxe5
O-O+ 21. Kg2 c5 22. Rf1 Rxf1 23. Bxf1 Rd8 24. b3 cxd4 25. cxd4 Rxd4 26. Qc2
e3 27. Qc8+ Kf7 28. Bb5 Rd8 29. Qc4 g6 30. Qf4+ Kg8 31. Re2 Bc5 32. Rc2 Bb4
33. Qe4 Rd2+ 34. Be2 Qd8 35. Qc4 Rxc2 36. Qxc2 Qd5+ 37. Bf3 Qxe5 38. Qc8+
Bf8 39. Kf1 Qd6 40. Qc4 Kf7 41. Qe2 Qf4 42. Kg1 b6 43. Bc6 Bc5 44. Kg2 Ke7
45. Qf3 Qb4 46. Bb5 Qxb3 47. Qb7+ Kd6 48. Qxh7 Qc2+ 49. Kf3 Qf2+ 50. Ke4
Qc2+ 51. Kf3 Qd1+ 52. Kf4 Qd4+ 53. Kg3 Qe5+ 54. Kf3 Qd5+ 55. Kg3 Qe4 56.
Qd7+ Ke5 57. Qg7+ Kd5 58. Kh4 Qf4 59. Qd7+ Bd6 60. Qb7+ Ke5 61. Qg7+ Kd5
62. h3 e2 63. Bxe2 Qf2+ 64. Kg5 Qxe2 65. Qb7+ Kc5 66. h4 Bg3 67. Qd7 Bd6
68. Qe8 b5 69. axb5 Qxb5 70. Qxe6 Qd3 71. Qc8+ Kb4 72. h5 gxh5 73. gxh5
Qd5+ 74. Kg6 Qe4+ 75. Kg5 Bf4+ 76. Kg4 Be5+ 77. Kg5 Qf4+ 0-1

[Event "65th ch-GEO"]
[Site "Tbilisi GEO"]
[Date "2006.01.26"]
[Round "5"]
[White "Sulashvili,M"]
[Black "Kacheishvili,G"]
[Result "0-1"]
[WhiteElo "2376"]
[BlackElo "2599"]
[EventDate "2006.01.22"]

1. d4 Nf6 2. c4 e6 3. Nf3 d5 4. e3 a6 5. Nc3 c5 6. cxd5 exd5 7. dxc5 Bxc5
8. Be2 Nc6 9. O-O O-O 10. b3 Qd6 11. a3 Bg4 12. b4 Ba7 13. Bb2 Rfe8 14. h3
Bh5 15. Qd2 Rad8 16. Rfd1 Bb8 17. g3 Qe6 18. Kg2 Ne4 19. Qe1 d4 20. Nxd4
Nxd4 21. Bxh5 Nc2 22. Qe2 Nxa1 23. Bxa1 Rxd1 24. Qxd1 Nxf2 25. Kxf2 Qxe3+
26. Kf1 Qxg3 27. Bf3 Ba7 0-1

[Event "65th ch-GEO"]
[Site "Tbilisi GEO"]
[Date "2006.01.26"]
[Round "5"]
[White "Arutinian,D"]
[Black "Kuparadze,G"]
[Result "1/2-1/2"]
[WhiteElo "2507"]
[BlackElo "2381"]
[EventDate "2006.01.22"]

1. d4 Nf6 2. c4 e6 3. Nf3 b6 4. Bf4 Bb7 5. e3 c5 6. d5 exd5 7. Nc3 d6 8.
cxd5 Be7 9. h3 O-O 10. Bd3 a6 11. a4 b5 12. axb5 axb5 13. Rxa8 Bxa8 14.
Bxb5 Nxd5 15. Nxd5 Bxd5 16. O-O Bb7 17. Qe2 Nd7 18. e4 Nf6 19. e5 Ne4 20.
exd6 Bxd6 21. Rd1 Qf6 22. Bxd6 1/2-1/2

[Event "65th ch-GEO"]
[Site "Tbilisi GEO"]
[Date "2006.01.26"]
[Round "5"]
[White "Gagunashvili,M"]
[Black "Morchiashvili,B"]
[Result "1/2-1/2"]
[WhiteElo "2542"]
[BlackElo "2370"]
[EventDate "2006.01.22"]

1. c4 e5 2. Nc3 Nc6 3. g3 g6 4. Bg2 Bg7 5. Rb1 Nf6 6. Nf3 O-O 7. O-O d6 8.
b4 h6 9. d3 Be6 10. a4 Qd7 11. b5 Ne7 12. Re1 a6 13. d4 Bxc4 14. dxe5 Ned5
15. Nxd5 Nxd5 16. Bb2 axb5 17. axb5 Ba2 18. Rc1 Qxb5 19. Qd2 Nb6 20. Nd4
Qxe5 21. Ba1 Qa5 22. Qxa5 Rxa5 23. Rxc7 Bd5 24. Bxd5 Nxd5 25. Rxb7 Rxa1 26.
Rxa1 Bxd4 27. Ra3 Bc5 28. Rf3 Kg7 29. Kg2 Nf6 30. Rfb3 Bxf2 31. Kxf2 Ne4+
32. Ke3 Nc5 33. Kf3 Nxb3 34. Rxb3 Re8 35. h4 Kf6 36. Rb7 h5 37. Ra7 Re5 38.
Ra6 Ke6 39. e3 Rf5+ 40. Kg2 Ke5 41. Ra4 d5 42. Rb4 Rf6 43. Ra4 Rb6 44. Kf3
Rf6+ 45. Kg2 Rb6 46. Kf3 f6 47. Ra8 g5 48. Re8+ Kf5 49. hxg5 fxg5 50. Rf8+
Rf6 51. Rh8 g4+ 52. Ke2 Ra6 53. Rf8+ Rf6 54. Rh8 Rc6 55. Rf8+ Ke5 56. Re8+
Re6 57. Rh8 Ke4 58. Rf8 Re7 59. Rh8 Rf7 60. Re8+ Kf5 61. Rd8 Ke6 62. Re8+
Kd6 63. Rd8+ Kc6 64. Rc8+ Kd7 65. Rh8 Rf5 66. Kd3 Ke6 67. Kd4 Kf7 68. e4
dxe4 1/2-1/2

[Event "65th ch-GEO"]
[Site "Tbilisi GEO"]
[Date "2006.01.27"]
[Round "6"]
[White "Sanikidze,T"]
[Black "Margvelashvili,G"]
[Result "1/2-1/2"]
[WhiteElo "2425"]
[BlackElo "2434"]
[EventDate "2006.01.22"]

1. e4 c6 2. d4 d5 3. Nc3 dxe4 4. Nxe4 Bf5 5. Ng3 Bg6 6. Nh3 e6 7. Nf4 Bb4+
8. c3 Bd6 9. Ngh5 Bxh5 10. Nxh5 g6 11. Ng3 Nf6 12. Bh6 Nbd7 13. Be2 Qc7 14.
Qd2 Nd5 15. Ne4 Bf4 16. Bxf4 Qxf4 17. Qc2 N5f6 18. Nd2 Qc7 19. Qa4 Kf8 20.
O-O Kg7 21. Rfe1 Rhe8 22. h3 a5 23. Rad1 e5 24. dxe5 Rxe5 25. Bf1 Rae8 26.
Rxe5 Rxe5 27. Nc4 Nb6 28. Nxb6 Qxb6 29. Qc2 Qc5 1/2-1/2

[Event "65th ch-GEO"]
[Site "Tbilisi GEO"]
[Date "2006.01.27"]
[Round "6"]
[White "Paichadze,L"]
[Black "Jobava,Be"]
[Result "0-1"]
[WhiteElo "2171"]
[BlackElo "2401"]
[EventDate "2006.01.22"]

1. e4 c5 2. b3 Nc6 3. Bb2 d6 4. Bb5 e5 5. Ne2 Nge7 6. O-O a6 7. Bxc6+ Nxc6
8. Nbc3 Be7 9. f4 exf4 10. Nd5 O-O 11. Nexf4 Bg5 12. Qf3 Ne5 13. Qg3 Bh4
14. Qe3 Bg5 15. Qg3 Bh4 16. Qe3 Bg5 17. d4 cxd4 18. Qxd4 Re8 19. Nb6 Bf6
20. Nxa8 Nf3+ 21. Rxf3 Bxd4+ 22. Bxd4 Bg4 23. Rg3 h5 24. Nxh5 Bxh5 25.
Rxg7+ Kf8 26. Rh7 Bg6 27. Rh8+ Ke7 28. Rxe8+ Kxe8 29. Nb6 Bxe4 30. Nc4 Bxc2
31. Re1+ Kf8 32. Rc1 d5 33. Ne5 Be4 34. Ng4 f5 35. Ne3 Qg5 36. g3 Ke7 37.
Rf1 b5 38. Rf2 a5 39. Kf1 Ke6 40. Kg1 Qe7 41. g4 Qb4 42. Nxf5 Bxf5 43.
gxf5+ Kf7 44. Bb2 d4 45. Kf1 d3 46. Rg2 Qf4+ 47. Rf2 Qe4 48. Rd2 Qf4+ 49.
Ke1 Qe3+ 0-1